<?xml version="1.0" encoding="UTF-8"?>
<record
    xmlns:xsi="http://www.w3.org/2001/XMLSchema-instance"
    xsi:schemaLocation="http://www.loc.gov/MARC21/slim http://www.loc.gov/standards/marcxml/schema/MARC21slim.xsd"
    xmlns="http://www.loc.gov/MARC21/slim">

  <leader>02141nam a22002537a 4500</leader>
  <datafield tag="999" ind1=" " ind2=" ">
    <subfield code="c">1609</subfield>
    <subfield code="d">1609</subfield>
  </datafield>
  <controlfield tag="003">AR-CdUCM</controlfield>
  <controlfield tag="008">190227b           ||||| |||| 00| 0 spa d</controlfield>
  <datafield tag="020" ind1=" " ind2=" ">
    <subfield code="a">84-89292-26-4</subfield>
  </datafield>
  <datafield tag="040" ind1=" " ind2=" ">
    <subfield code="a">MUNICIPALIDAD PROVINCIAL DEL CUSCO</subfield>
    <subfield code="c">BIBLIOTECA MUNICIPAL DEL CUSCO</subfield>
  </datafield>
  <datafield tag="082" ind1=" " ind2=" ">
    <subfield code="a">985.0092 /</subfield>
    <subfield code="b">C61</subfield>
  </datafield>
  <datafield tag="100" ind1=" " ind2=" ">
    <subfield code="a">Cieza de Le&#xF3;n, Pedro de</subfield>
  </datafield>
  <datafield tag="245" ind1=" " ind2=" ">
    <subfield code="a">Cr&#xF3;nica del Per&#xFA; /</subfield>
  </datafield>
  <datafield tag="260" ind1=" " ind2=" ">
    <subfield code="a">Per&#xFA; :</subfield>
    <subfield code="b">Pontificia Universidad de Cat&#xF3;lica del Per&#xFA;,</subfield>
    <subfield code="b">Academia Nacional de la Historia,</subfield>
    <subfield code="c">1985.</subfield>
  </datafield>
  <datafield tag="300" ind1=" " ind2=" ">
    <subfield code="a">2 partes ;</subfield>
    <subfield code="c">20.5 cm.</subfield>
    <subfield code="b">ilustraciones,</subfield>
  </datafield>
  <datafield tag="440" ind1=" " ind2=" ">
    <subfield code="a">Colecci&#xF3;n Cl&#xE1;sicos peruanos / dirigida por Franklin Pease G.Y</subfield>
    <subfield code="9">6026</subfield>
  </datafield>
  <datafield tag="505" ind1=" " ind2=" ">
    <subfield code="a">Contenido: p.1:  Cap&#xED;tulo primero, en que se tracta el descubrimiento de las Indias -- Cap&#xED;tulo segundo de la ciudad de Panam&#xE1; y de su fundaci&#xF3;n -- Cap&#xED;tulo tercero de los puertos que ay desde la ciudad de Panam&#xE1; hasta llegar a la tierra del Per&#xFA; ... p.2: Que trata lo que dizen los yndios deste reyno que av&#xED;a antes de los Yngas fuesen conocidos y de como tenian fortalezas por los collados, de donde salian a se dar guerra (los) unos a los otros -- De lo que dizen estos naturales de Ticiviracoche y de la opini&#xF3;n que algunos tienen en que atraveco un Ap&#xF3;stol por esta tierra, y del templo que hay en Cacha y de lo que alli paso -- Como remanecieron en Pacaritambo ciertos hombres y mujeres y de lo que quentan que hizieron despu&#xE9;s que de all&#xED; salieron -- De c&#xF3;mo, estando los dos hermanos en Tanbo Quiro, vieron salir con alas de pluma al que av&#xED;an, con enga&#xF1;o metido en la cueba, el qual les dixo que fuesen a fundar la gran cibdad del Cuzco; y como partieron de Tambo Quiro  -- Como despues de Mango Capa vio que sus hermanos se av&#xED;an convertido en piedras vino a un balle donde hall&#xF3; algunas jentes y por &#xE9;l fue fundada y edificada la antigua y muy riquisima cibdad del Cuzco, cabeca prencipal que fue de todo el ynperio de los Yngas</subfield>
  </datafield>
  <datafield tag="650" ind1=" " ind2=" ">
    <subfield code="a">Per&#xFA;</subfield>
    <subfield code="9">35</subfield>
  </datafield>
  <datafield tag="650" ind1=" " ind2=" ">
    <subfield code="a">Historia</subfield>
    <subfield code="9">136</subfield>
  </datafield>
  <datafield tag="650" ind1=" " ind2=" ">
    <subfield code="a">Conquista</subfield>
    <subfield code="9">1045</subfield>
  </datafield>
  <datafield tag="700" ind1=" " ind2=" ">
    <subfield code="a">Pease G. Y., Franklin (introducci&#xF3;n)</subfield>
    <subfield code="9">6027</subfield>
  </datafield>
  <datafield tag="700" ind1=" " ind2=" ">
    <subfield code="a">Cant&#xFA;, Francesa (pr&#xF3;logo)</subfield>
    <subfield code="9">6028</subfield>
  </datafield>
  <datafield tag="942" ind1=" " ind2=" ">
    <subfield code="2">ddc</subfield>
    <subfield code="c">LIBROS</subfield>
  </datafield>
  <datafield tag="945" ind1=" " ind2=" ">
    <subfield code="a">afb</subfield>
    <subfield code="d">2019-02-27</subfield>
  </datafield>
  <datafield tag="952" ind1=" " ind2=" ">
    <subfield code="0">0</subfield>
    <subfield code="2">ddc</subfield>
    <subfield code="4">0</subfield>
    <subfield code="7">0</subfield>
    <subfield code="a">SH</subfield>
    <subfield code="b">SH</subfield>
    <subfield code="c">CART</subfield>
    <subfield code="d">2019-02-27</subfield>
    <subfield code="g">25.00</subfield>
    <subfield code="o">985.0092 / C61 / p.2</subfield>
    <subfield code="p">SH0000001726</subfield>
    <subfield code="r">2019-02-27</subfield>
    <subfield code="y">LIBROS</subfield>
  </datafield>
  <datafield tag="952" ind1=" " ind2=" ">
    <subfield code="0">0</subfield>
    <subfield code="2">ddc</subfield>
    <subfield code="4">0</subfield>
    <subfield code="7">0</subfield>
    <subfield code="a">SH</subfield>
    <subfield code="b">SH</subfield>
    <subfield code="c">CART</subfield>
    <subfield code="d">2019-03-04</subfield>
    <subfield code="g">25.00</subfield>
    <subfield code="o">985.0092 / C61 / p.1</subfield>
    <subfield code="p">SH0000002810</subfield>
    <subfield code="r">2019-03-04</subfield>
    <subfield code="y">LIBROS</subfield>
  </datafield>
</record>
